=LDR 00000nam 2200000 4500 =001 INLIS000000000042145 =005 20131008014931 =008 ***********************************Ind** =035 ##$$0010-101300000000067 =041 ##$$a Ind =082 ##$$a 0005.369 =090 ##$$a 005.369, Bak p.1 =100 ##$$a Bakrie, Busthami =245 ##$$a Program AplikasiFoxpro pada Sistem Akuntansi, Busthami Bakrie =260 ##$$a 1992 $b Jakarta =300 ##$$a 186 hlm. 1 cm =850 ##$$a NBPNMAT